Black's law dictionary / (Record no. 1347)

MARC details
000 -LEADER
fixed length control field 01292cam a2200325 a 4500
005 - DATE AND TIME OF LATEST TRANSACTION
control field 20260322212056.0
008 - FIXED-LENGTH DATA ELEMENTS--GENERAL INFORMATION
fixed length control field data
010 ## - LIBRARY OF CONGRESS CONTROL NUMBER
LC control number 2009459279
020 ## - INTERNATIONAL STANDARD BOOK NUMBER
International Standard Book Number 9780314199492 (alk. paper)
020 ## - INTERNATIONAL STANDARD BOOK NUMBER
International Standard Book Number 9780314199508 (deluxe) (alk. paper)
020 ## - INTERNATIONAL STANDARD BOOK NUMBER
International Standard Book Number 0314199497
040 ## - CATALOGING SOURCE
Original cataloging agency DLC
Transcribing agency DLC
043 ## - GEOGRAPHIC AREA CODE
Geographic area code n-us---
050 00 - LIBRARY OF CONGRESS CALL NUMBER
Classification number KF156
Item number .B53 2009
092 ## - LOCALLY ASSIGNED DEWEY CALL NUMBER (OCLC)
Classification number 340.03 B53 2009
001 - CONTROL NUMBER
control field data
245 00 - TITLE STATEMENT
Title Black's law dictionary /
Statement of responsibility, etc. edited by Bryan A. Garner & Henry Campbell Black.
246 30 - VARYING FORM OF TITLE
Title proper/short title Law dictionary
250 ## - EDITION STATEMENT
Edition statement 9th ed.
260 ## - PUBLICATION, DISTRIBUTION, ETC.
Place of publication, distribution, etc. St. Paul, MN :
Name of publisher, distributor, etc. West,
Date of publication, distribution, etc. c2009.
300 ## - PHYSICAL DESCRIPTION
Extent xxxi, 1920 p. ;
Dimensions 26 cm.
504 ## - BIBLIOGRAPHY, ETC. NOTE
Bibliography, etc. note Includes bibliographical references (p. 1907-1920).
650 #0 - SUBJECT ADDED ENTRY--TOPICAL TERM
Topical term or geographic name entry element Law
Geographic subdivision United States
Form subdivision Dictionaries.
650 #0 - SUBJECT ADDED ENTRY--TOPICAL TERM
Topical term or geographic name entry element Law
Form subdivision Dictionaries.
700 1# - ADDED ENTRY--PERSONAL NAME
Personal name Garner, Bryan A.
700 1# - ADDED ENTRY--PERSONAL NAME
Personal name Black, Henry Campbell,
Dates associated with a name 1860-1927.
Title of a work Law dictionary.
906 ## - LOCAL DATA ELEMENT F, LDF (RLIN)
a 7
b cbc
c origres
d 2
e ncip
f 20
g y-gencatlg
925 0# -
-- acquire
-- Copy 1=LL RR DESK; Copy 2=LL RR; Copy 3-5=LL CSD; Copy 6-7=deck; Copy 8-9=LL 0; Copy 10=Cat Ref; Copy 11-12=shelf
-- MWS 2009-07-07
955 ## - COPY-LEVEL INFORMATION (RLIN)
-- xg13 2009-12-02 Copy 11-12 to LL
-- copy 10 to Law Sect. Cat Ref. (LM, Rm. 551)
-- xg13 2009-12-02 Copy 11-12 to LL
-- CatRefProj bc15 2010-10-14
Holdings
Withdrawn status Lost status Damaged status Not for loan Home library Current library Shelving location Date acquired Total checkouts Full call number Barcode Date last seen Price effective from Koha item type
        Liberty Liberty General stacks 22/03/2026   KF156 .B53 2009 BC0011391 22/03/2026 22/03/2026 Books